Rasistický extrémizmus v Slovenskej republike
Na minha lista:
| Autor principal: | |
|---|---|
| Formato: | Livro |
| Idioma: | eslovaco |
| Publicado em: |
Bratislava
Ľudia proti rasizmu
[2005]
|
| Assuntos: | |
| Tags: |
Sem tags, seja o primeiro a adicionar uma tag!
|
MARC
| LEADER | 00000nam$a2200000$$$4500 | ||
|---|---|---|---|
| 001 | 0027177 | ||
| 005 | 20240314091328.7 | ||
| 020 | |a 80-89149-03-0 | ||
| 041 | 0 | |a slo | |
| 044 | |a SK | ||
| 245 | 1 | 0 | |a Rasistický extrémizmus v Slovenskej republike |c Daniel Milo |
| 264 | 1 | |a Bratislava |b Ľudia proti rasizmu |c [2005] | |
| 300 | |a 119 s. | ||
| 610 | 2 | 0 | |a kriminalita |
| 610 | 2 | 0 | |a extrémizmus |
| 610 | 2 | 0 | |a konflikty |
| 610 | 2 | 0 | |a fašizmus |
| 610 | 2 | 0 | |a propagácia |
| 610 | 2 | 0 | |a Slovensko |
| 100 | 1 | |a Milo, Daniel | |